| 000 | 00431nam a2200181Ia 4500 | ||
|---|---|---|---|
| 005 | 20250425161006.0 | ||
| 008 | 250425s9999 xx 000 0 und d | ||
| 041 | _aeng | ||
| 082 | _a551.4607 | ||
| 100 | _aSHENTON, EDWARD H. | ||
| 245 | 0 | _aDIVING FOR SCIENCE; THE STORY OF THE DEEP SUB | |
| 250 | _aS.E. | ||
| 260 |
_aEstados Unidos _bNORT _c1972 |
||
| 260 | _aNEW YORK | ||
| 300 | _a267 | ||
| 942 | _c01 | ||
| 010 | _a10130 | ||
| 999 |
_c200259 _d200259 |
||